Quizzes
Events
Quiz Creation
Community
Videos
Private Events
Remove Ads
Sign In
Join for FREE
Feedback
Dark Mode
Quiz Categories
Sports
Geography
Music
Movies
Television
Just For Fun
Miscellaneous
History
Literature
Language
Science
Gaming
Entertainment
Religion
Holiday
For Kids
Quiz Lab
Recent
Popular Today
Quiz Kudos Today
Editor Picks
Curator Picks
Quizzes by...
Day
Popularity
Type
Ratings
Length
Year
Community
Subscriptions
Recent Discussions
Orange Saloon
Badges
Playlists
Quests
Create
Leaderboards
Showdown
Live 5
Trivia Bingo
Activity
Puzzle Library
Sporcle Events
Private Events
Virtual Trivia
Globe League
Become a Host
Pub Owners
SporcleCon
Opinionation
Our Games
Videos
Blog
Mobile Apps
Partnerships
Remove Ads and Go Orange
Feedback
Sports
Athletes
MLB
NBA
NHL
NFL
Soccer
Sports Teams
WWE
NCAA
Football
Premier League
Basketball
Baseball
Hockey
Golf
Tennis
Cricket
Rugby
Auto Racing
Olympics
World Cup
Sports
Athletes
MLB
NBA
NHL
NFL
Soccer
Sports Teams
WWE
NCAA
Football
Premier League
Basketball
Baseball
Hockey
Golf
Tennis
Cricket
Rugby
Auto Racing
Olympics
World Cup
Random Quiz
Search Sporcle
×
Quiz Lab
Quiz Lab
Sports
team
Type in answers that appear in a list
Type in answers that appear in a list
Classic
Best Score? Go Orange.
Top 3 Home Run Hitters 2000s Stats
Can you name the Top 3 Home Run Hitters 2000s?
By
TimmyAngel
7m
33 Questions
144 Plays
144 Plays
144 Plays
Comments
Comments
Give Quiz Kudos
Give Quiz Kudos
-
- Ratings
hide this ad
Replay
Link that replays current quiz
Next Quiz
Link to next quiz in quiz playlist
You Got
0%
They Got
Avg Score
95%
Avg Friend Score
Upgrade to see
Score Distribution
Jump to the score distribution portion of the page
Score
0/33
Timer
07:00
0
Plays Today
Year
Player
% Correct
2007
Alex Rodriguez
99.3%
2006
David Ortiz
99.3%
2005
Alex Rodriguez
99.3%
2005
David Ortiz
99.3%
2003
Alex Rodriguez
99.3%
2003
Barry Bonds
99.3%
2002
Alex Rodriguez
99.3%
2001
Barry Bonds
99.3%
2000
Barry Bonds
99.3%
2010
Albert Pujols
98.6%
2009
Albert Pujols
98.6%
2009
Prince Fielder
98.6%
2009
Ryan Howard
98.6%
2008
Ryan Howard
98.6%
2007
Prince Fielder
98.6%
2007
Ryan Howard
98.6%
2006
Ryan Howard
98.6%
Year
Player
% Correct
2006
Albert Pujols
98.6%
2004
Albert Pujols
98.6%
2002
Sammy Sosa
97.2%
2001
Sammy Sosa
97.2%
2000
Sammy Sosa
97.2%
2005
Andruw Jones
96.5%
2008
Adam Dunn
93.1%
2004
Adam Dunn
93.1%
2010
Jose Bautista
91.7%
2008
Carlos Delgado
91.7%
2001
Luis Gonzalez
91.7%
2003
Jim Thome
90.3%
2002
Jim Thome
90.3%
2000
Jeff Bagwell
88.9%
2010
Paul Konerko
88.2%
2004
Adrian Beltre
72.2%
Quiz Playlist
Details
Report
Send in Message
Add To Playlist
Classic:
Type in answers that appear in a list
Quiz Source
Last Updated: Feb 16, 2017
Quiz Scoreboard
CHALLENGE
Sign Up to Join the Scoreboard
Show All
Scores
Hide
Comments
May contain spoilers
Recently Published
NBA Finals Game Top Scorers (2010s)
by flibbidy
Sports
5m
Guess the 'R' Things in 3 Words
by MSUKent
Miscellaneous
3m
Actor to Badly Drawn Movie III
by MoMosMoProblems
Movies
5m
More to Explore
Quiz From the Vault
Featured Blog Post
Where Does Lost Luggage Go?
hide this ad
You Might Also Like...
Tags
2000
Hitter
home
Player
run
Run Hitters
team
Top 3
Today's Top Quizzes in Sports
Browse Sports
hide this ad
Today's Top Quizzes in team
Browse team
Top Contributed Quizzes in Sports
1
Les joueurs à 100 buts en Ligue 1 Uber Eats
2
2022 World Cup Stars
3
2024 March Madness Bracket
4
Millionaire: NBA Finals Edition
5
Players with Multiple 50 Home Run Seasons
6
Nickname Match: Athletes VI
7
Criteria MLB: Left Handed Sluggers
8
Iconic Moments in Football - Multiple Choice
9
NFL MVPs ordered
10
First NBA MVP by Team
Explore More
Trending Topics
Anime
Harry Potter
Crossword
NBA
Disney
Kpop
Marvel
Song
WWE
Soccer
Puzzle
Country
NFL
The Office
Pokémon
hide this ad
More By:
TimmyAngel
Quiz
Plays
Rating
Category
Featured
Created
Top 100 NFL Players of All-Time
5,635
3.00
Sports
Nov 3, 2013
My Top 25 Baseball Players (In no order)
240
2.08
Sports
Nov 30, 2010
Name The MLB Term
190
2.50
Sports
Aug 17, 2011
Funniest MLB Players (According to Bleacher Report)
157
1.00
Sports
Aug 17, 2011
Top 10 2010 Home Run Hitters
144
3.00
Sports
Nov 28, 2010
Go to Creator's Profile
Score Distribution
Quiz Creator Spotlight
TimmyAngel
Follow
Send a Message
Quizzes Created
-
Created Quiz Play Count
-
More By This Creator
Popular Quizzes Today
1
Find the US States - No Outlines Minefield
2
Find the US States
3
The Countries of the World
4
10 Largest US States in Order
5
Find the Countries of Europe - No Outlines Minefield
6
US States
7
Guess the 'R' Things in 3 Words
8
NBA Finals Game Top Scorers (2010s)
More Sports Quizzes
Поражения сборной России
Quiz Lab
Trending Quizzes
First Name TV: Leading Men
Match the Book to the Film II
3-Word Movies in 1 Word II
First Name TV: Leading Women Drama
Match the Book to the Film VI
Recently Updated
Women's Final Four Teams by Year
bhenderson79
Presidents Quartet II
eogle
Anything But Clue(do)
eogle
Anything But Oceanian Capitals
eogle
Anything But 7
eogle
Anything But Thing
eogle
Word Ladder: February 29
pecheneg
Song Title Questions
pecheneg
Women's NCAA Tournament #1 Seeds
pecheneg
Celebrity Mug Shots
pecheneg
Trending Topics
Harry Potter
Disney
Crossword
NBA
Anime
Marvel
Kpop
NFL
WWE
Song
The Office
Pokémon
Soccer
Country
Puzzle
Your Account Isn't Verified!
In order to create a playlist on Sporcle, you need to verify the email address you used during registration. Go to your
Sporcle Settings
to finish the process.
Report this User
Report this user for behavior that violates our
Community Guidelines
.
Details:
Send Report
Go to the Sporcle.com Mobile Site →
Comments